000
00279nam a22001217a 4500
008
170607b xxu||||| |||| 00| 0 eng d
041
_a
eng
080
_a
329
100
_a
18
101
_a
SHP
245
_a
POLITICAL PARTIES PRIMARES KENTUCKY
_c
MILLER.P.M
942
_2
udc
_c
BK
999
_c
16214
_d
16214